La Sainte Bible polyglote: contenant le texte hébreu original, le texte grec des septante, le texte latin de la vulgate et la traduction francaise de M. L'Abbé Glaire

Enregistré dans:
Détails bibliographiques
Format: Livre
Langue:français
grec
latin
Publié: París A. Roger et F. Chernoviz 1900
Sujets:
Tags: Ajouter un tag
Pas de tags, Soyez le premier à ajouter un tag!

MARC

LEADER 00000nam a2200000 a 4500
001 UCX2469
003 CL-VaPUC
008 910516e19000000FR |||||||||||||||||fre|d
041 0 7 |a fre  |2 CL-VaPUC 
041 0 7 |a gre  |2 CL-VaPUC 
041 0 7 |a lat  |2 CL-VaPUC 
082 0 4 |a 220  |b SAI  |2 21 
245 1 3 |a La Sainte Bible polyglote: contenant le texte hébreu original, le texte grec des septante, le texte latin de la vulgate et la traduction francaise de M. L'Abbé Glaire 
300 |a 8 v 
942 |c BK 
945 |d 19910516 00:00:00  |a aalvarez 
260 |a París  |b A. Roger et F. Chernoviz  |c 1900 
500 |a v.1-6: Antiguo Testamento 
500 |a v.7-8: Nuevo Testamento 
650 0 |a Biblia  |9 257603 
650 7 |a LIBROS SAGRADOS  |2 CL-VaPUC  |9 318402 
583 |a last modification  |c 19910516 00:00:00  |k Rodrigo Vera 
999 |c 223482  |d 223480 
952 |0 0  |1 2  |4 0  |6 220_000000000000000_SAI_1900  |7 0  |8 F  |9 219296  |a BIBTEO  |b BIBTEO  |d 2019-11-15  |h v.1  |i 2880776  |o 220 SAI 1900  |p 2880776  |r 2019-11-15  |w 2019-11-15  |y BK_F  |k ICR 
952 |0 0  |1 2  |4 0  |6 220_000000000000000_SAI_1900  |7 0  |8 F  |9 219297  |a BIBTEO  |b BIBTEO  |d 2019-11-15  |h v.2  |i 2880784  |o 220 SAI 1900  |p 2880784  |r 2019-11-15  |w 2019-11-15  |y BK_F  |k ICR 
952 |0 0  |1 2  |4 0  |6 220_000000000000000_SAI_1900  |7 0  |8 F  |9 219298  |a BIBTEO  |b BIBTEO  |d 2019-11-15  |h v.3  |i 2880792  |o 220 SAI 1900  |p 2880792  |r 2019-11-15  |w 2019-11-15  |y BK_F  |k ICR 
952 |0 0  |1 2  |4 0  |6 220_000000000000000_SAI_1900  |7 0  |8 F  |9 219299  |a BIBTEO  |b BIBTEO  |d 2019-11-15  |h v.4  |i 2880806  |o 220 SAI 1900  |p 2880806  |r 2019-11-15  |w 2019-11-15  |y BK_F  |k ICR 
952 |0 0  |1 2  |4 0  |6 220_000000000000000_SAI_1900  |7 0  |8 F  |9 219300  |a BIBTEO  |b BIBTEO  |d 2019-11-15  |h v.5  |i 2880814  |o 220 SAI 1900  |p 2880814  |r 2019-11-15  |w 2019-11-15  |y BK_F  |k ICR 
952 |0 0  |1 2  |4 0  |6 220_000000000000000_SAI_1900  |7 0  |8 F  |9 219301  |a BIBTEO  |b BIBTEO  |d 2019-11-15  |h v.6  |i 2880822  |o 220 SAI 1900  |p 2880822  |r 2019-11-15  |w 2019-11-15  |y BK_F  |k ICR 
952 |0 0  |1 2  |4 0  |6 220_000000000000000_SAI_1900  |7 0  |8 F  |9 219302  |a BIBTEO  |b BIBTEO  |d 2019-11-15  |h v.7  |i 2880830  |o 220 SAI 1900  |p 2880830  |r 2019-11-15  |w 2019-11-15  |y BK_F  |k ICR 
952 |0 0  |1 2  |4 0  |6 220_000000000000000_SAI_1900  |7 0  |8 F  |9 219303  |a BIBTEO  |b BIBTEO  |d 2019-11-15  |h v.8  |i 2880849  |o 220 SAI 1900  |p 2880849  |r 2019-11-15  |w 2019-11-15  |y BK_F  |k ICR